State politics : new dimensions : (Record no. 124247)

MARC details
000 -LEADER
fixed length control field 00649nam a22002297a 4500
005 - DATE AND TIME OF LATEST TRANSACTION
control field 20170124105936.0
010 ## - LIBRARY OF CONGRESS CONTROL NUMBER
LC control number B-031588
020 ## - INTERNATIONAL STANDARD BOOK NUMBER
Terms of availability 00.00
035 ## - SYSTEM CONTROL NUMBER
System control number B-031588
037 ## - SOURCE OF ACQUISITION
Source of stock number/acquisition Cen Lib/Ret
040 ## - CATALOGING SOURCE
Original cataloging agency DPL
Language of cataloging EN
082 ## - DEWEY DECIMAL CLASSIFICATION NUMBER
Classification number 320.954
Item number PAI
100 ## - MAIN ENTRY--PERSONAL NAME
Personal name Pai, Sudha
9 (RLIN) 9951
245 ## - TITLE STATEMENT
Title State politics : new dimensions :
Statement of responsibility, etc by Sudha Pai
Remainder of title party system, liberalisation and politics of identity /
246 ## - VARYING FORM OF TITLE
Remainder of title
260 ## - PUBLICATION, DISTRIBUTION, ETC. (IMPRINT)
Name of publisher, distributor, etc Shipra
Place of publication, distribution, etc 2000
300 ## - PHYSICAL DESCRIPTION
Extent xii, 284p.
Dimensions 20cm(Hb)
500 ## - GENERAL NOTE
General note Includes index
650 ## - SUBJECT ADDED ENTRY--TOPICAL TERM
Topical term or geographic name as entry element National politics
9 (RLIN) 9952
650 ## - SUBJECT ADDED ENTRY--TOPICAL TERM
Topical term or geographic name as entry element Developments
9 (RLIN) 90974
942 ## - ADDED ENTRY ELEMENTS (KOHA)
Source of classification or shelving scheme Dewey Decimal Classification
Koha item type English Books
Classification part 320.954
Call number suffix PAI
Holdings
Withdrawn status Lost status Damaged status Not for loan Home library Current library Date acquired Source of acquisition Cost, normal purchase price Total Checkouts Full call number Barcode Date last seen Date checked out Copy number Cost, replacement price Price effective from Koha item type
        Central Library Central Library 15/06/2015 Cen Lib/Ret 0.00 4 320.954 PAI B-031588 13/09/2023 01/09/2023 1 0.00 15/06/2015 English Books

© Delhi Public Library
Hit Counter
free hit counter